Philadelphia Union current squad - Statistics

General Stats
  • This quiz has been taken 54 times
  • The average score is 16 of 25
Answer Stats
Number Player % Correct
18 Andre Blake
97%
6 Daniel Gazdag
94%
3 Jack Elliott
86%
9 Julian Carranza
86%
27 Kai Wagner
86%
7 Mikael Uhre
86%
5 Jakob Glesnes
83%
11 Alejandro Bedoya
81%
26 Nathan Harriel
81%
15 Olivier Mbaizo
75%
16 Jack McGlynn
72%
8 José Martinez
72%
31 Leon Flach
69%
2 Matt Real
69%
33 Quinn Sullivan
69%
1 Matt Freese
61%
12 Joe Bendik
56%
30 Paxten Aaronson
56%
20 Jesus Bueno
44%
19 Cory Burke
42%
4 Stuart Findlay
33%
34 Brandon Craig
28%
17 Sergio Santos
28%
24 Anton Sorenson
14%
13 Cole Turner
3%
No matching quizzes found
Score Distribution
Percent of People with Each Score
Percentile by Number Answered
Your Score History
You have not taken this quiz